| 000 | 00681nam a22001817a 4500 | ||
|---|---|---|---|
| 020 | _qHard Cover. | ||
| 082 | _a005 | ||
| 100 | _aIshtiaq, Tanavush ; Izzah Kamal Fatih Nasir | ||
| 245 |
_aAutomatic Call Transcriber on Mobile Phone for Future Reference to Conversation / _cTanavush Ishtiaq ; Izzah Kamal Fatih Nasir |
||
| 260 |
_aIslamabad : _bComputer Science-Project Report _c2017. |
||
| 300 |
_a62 p. : ill. ; _c30cm. _eCD. |
||
| 563 | _aHB | ||
| 650 | _aComputer Science-Project Report. | ||
| 700 | _aDr. Muhammad Ali Tahir. | ||
| 856 | _uhttp://10.250.8.41:8080/xmlui/handle/123456789/21064 | ||
| 942 |
_2ddc _cTHE |
||
| 999 |
_c536094 _d536094 |
||